[Event "Mittelfranken-chTB2b 1920"]
[Site "Mittelfranken"]
[Date "2019.11.03"]
[Round "2.5"]
[White "Meyer, Robert"]
[Black "Radeck, Jochen"]
[Result "0-1"]
[WhiteElo "1704"]
[BlackElo "1841"]
[PlyCount "78"]
[EventDate "2019.10.13"]
[EventType "team-tourn"]
[EventRounds "9"]
[EventCountry "GER"]
[SourceTitle "EXT 2023"]
[Source "ChessBase"]
[SourceDate "2022.10.05"]
[SourceVersion "1"]
[SourceVersionDate "2022.10.05"]
[SourceQuality "1"]
[WhiteTeam "Stein SC"]
[BlackTeam "Forchheim II"]
[WhiteTeamCountry "GER"]
[BlackTeamCountry "GER"]

1. Nf3 Nf6 2. d4 d5 3. Bf4 e6 4. e3 c5 5. Bb5+ Bd7 6. Bxd7+ Nbxd7 7. c3 Be7 8. Nbd2 0-0 9. h3 b5 10. 0-0 Qb6 11. dxc5 Bxc5 12. Nb3 Be7 13. Qe2 Rac8 14. Ne5 Nxe5 15. Bxe5 Nd7 16. Bh2 Bf6 17. Rfd1 Rfd8 18. Rab1 b4 19. cxb4 Qxb4 20. Bg3 g6 21. Nd4 Rc4 22. b3 Rcc8 23. Nb5 a6 24. Nd4 Qb6 25. f4 Nc5 26. Be1 Ne4 27. Kh2 Rc7 28. Rbc1 Rdc8 29. Rxc7 Rxc7 30. Nf3 Rc3 31. Rd3 Rc1 32. Ne5 Bxe5 33. fxe5 Qc7 34. Rd1 Qxe5+ 35. g3 Rc6 36. Qd3 Qc7 37. a4 Rc2+ 38. Kg1 Nxg3 39. e4 Nxe4 0-1

[Event "Landesliga Nord 1819"]
[Site "Bayern"]
[Date "2018.10.21"]
[Round "1.8"]
[White "Muehling, Werner"]
[Black "Radeck, Jochen"]
[Result "1-0"]
[WhiteElo "2038"]
[BlackElo "1819"]
[PlyCount "81"]
[EventDate "2018.10.21"]
[EventType "team-tourn"]
[EventRounds "9"]
[EventCountry "GER"]
[SourceTitle "EXT 2022"]
[Source "ChessBase"]
[SourceDate "2021.10.06"]
[SourceVersion "1"]
[SourceVersionDate "2021.10.06"]
[SourceQuality "1"]
[WhiteTeam "Schwandorf"]
[BlackTeam "Forchheim SC"]
[WhiteTeamCountry "GER"]
[BlackTeamCountry "GER"]

1. d4 c5 2. e3 cxd4 3. exd4 d5 4. Bd3 Nf6 5. Nd2 Nc6 6. Ngf3 Bg4 7. c3 e6 8. 0-0 Rc8 9. Re1 Be7 10. Nf1 0-0 11. Ng3 g6 12. h3 Bf5 13. Nxf5 exf5 14. Ne5 Ne4 15. Nxc6 Rxc6 16. Bh6 Re8 17. Bb5 Bh4 18. g3 Bg5 19. Bxc6 bxc6 20. Bxg5 Nxg5 21. Kg2 Re4 22. f3 Rxe1 23. Qxe1 Ne6 24. f4 h5 25. h4 a5 26. Qe2 Kf8 27. Re1 Qb6 28. b3 Ke8 29. Qe5 Ke7 30. c4 dxc4 31. bxc4 Kd7 32. d5 cxd5 33. cxd5 Nd8 34. Qe7+ Kc8 35. Rc1+ Kb8 36. Qc5 Qxc5 37. Rxc5 Nb7 38. Rc6 Nd8 39. Rf6 Kc7 40. Kf3 Kd7 41. Ke3 1-0

[Event "Mittelfranken-chTB2b 1718"]
[Site "Mittelfranken"]
[Date "2018.02.18"]
[Round "5.6"]
[White "Radeck, Jochen"]
[Black "Cipra, Lothar"]
[Result "1-0"]
[WhiteElo "1817"]
[BlackElo "1882"]
[PlyCount "203"]
[EventDate "2017.10.08"]
[EventType "team-tourn"]
[EventRounds "9"]
[EventCountry "GER"]
[SourceTitle "EXT 2022"]
[Source "ChessBase"]
[SourceDate "2021.10.06"]
[SourceVersion "1"]
[SourceVersionDate "2021.10.06"]
[SourceQuality "1"]
[WhiteTeam "Forchheim SC III"]
[BlackTeam "Schwanstetten"]
[WhiteTeamCountry "GER"]
[BlackTeamCountry "GER"]

1. Nf3 d5 2. c4 e6 3. g3 Nf6 4. Bg2 Be7 5. 0-0 0-0 6. b3 c6 7. Bb2 Qb6 8. Qc2 Nbd7 9. d3 Qc7 10. e4 dxe4 11. dxe4 e5 12. Rd1 Re8 13. Nbd2 Bc5 14. h3 Nf8 15. Qc3 Ng6 16. b4 Bf8 17. a3 b6 18. Ne1 Be6 19. Nf1 Rad8 20. Ne3 Qc8 21. Kh2 h6 22. f3 Bd6 23. Rd2 Bc7 24. Rad1 Rxd2 25. Rxd2 Rd8 26. Rxd8+ Qxd8 27. Nd3 Nd7 28. f4 f6 29. f5 Bf7 30. fxg6 Bxg6 31. Nf5 Nf8 32. Nf2 Qd7 33. Qd3 Qe6 34. Bc1 Kh7 35. Be3 Bf7 36. Bf1 Nd7 37. Be2 c5 38. Qd2 cxb4 39. axb4 a5 40. bxa5 bxa5 41. Bxh6 g5 42. Bxg5 fxg5 43. Qxg5 Qf6 44. Qxf6 Nxf6 45. Bd3 a4 46. Ne3 Bb6 47. Nfd1 Bd4 48. Nd5 Nd7 49. Bc2 Nc5 50. N1c3 a3 51. Na2 Kg7 52. Kg2 Be8 53. Kf3 Na4 54. h4 Nb2 55. Nc7 Bf7 56. Bb3 Nxc4 57. Ke2 Bh5+ 58. Kd3 Nb2+ 59. Kd2 Bf2 60. Nb5 Bxg3 61. Nxa3 Bxh4 62. Nc3 Be7 63. Nab5 Bb4 64. Kc2 Bf7 65. Bxf7 Kxf7 66. Kxb2 Kg6 67. Kb3 Bf8 68. Kc4 Kg5 69. Kd5 Kf4 70. Nc7 Bb4 71. N3b5 Be1 72. Ne6+ Kg4 73. Kxe5 Kh5 74. Kf5 Kh6 75. Nd6 Bc3 76. Nb5 Bh8 77. Nbd4 Kh5 78. Nf3 Kh6 79. Nh4 Bb2 80. Ng6 Kh7 81. Ne7 Kh6 82. Nc6 Bh8 83. Ned4 Kh5 84. Ke6 Kg5 85. Ne5 Kf4 86. Kd5 Ke3 87. Nf5+ Ke2 88. Nf7 Bf6 89. Ke6 Bb2 90. N7d6 Kf3 91. Kd5 Bh8 92. Ne8 Bb2 93. Nd4+ Ke3 94. Ne6 Bc3 95. Nd6 Ba1 96. Nf5+ Kf3 97. Ned4+ Kf4 98. e5 Kg5 99. e6 Kf6 100. Kd6 Bb2 101. Kd7 Ba3 102. Nd6 1-0

[Event "Landesliga Nord 1617"]
[Site "Bayern"]
[Date "2017.03.19"]
[Round "7.8"]
[White "Radeck, Jochen"]
[Black "Birkmann, Guenther"]
[Result "1-0"]
[WhiteElo "1750"]
[BlackElo "1939"]
[PlyCount "63"]
[EventDate "2016.10.16"]
[EventType "team-tourn"]
[EventRounds "9"]
[EventCountry "GER"]
[SourceTitle "EXT 2019"]
[Source "ChessBase"]
[SourceDate "2018.10.10"]
[SourceVersion "1"]
[SourceVersionDate "2018.10.10"]
[SourceQuality "1"]
[WhiteTeam "Forchheim II"]
[BlackTeam "Zirndorf"]
[WhiteTeamCountry "GER"]
[BlackTeamCountry "GER"]

1. d4 f5 2. g3 g6 3. Bg2 Bg7 4. c4 d6 5. Nc3 Nf6 6. Nf3 0-0 7. 0-0 Qe8 8. e3 a5 9. b3 c6 10. Qe2 h6 11. Bb2 Na6 12. Rfd1 Bd7 13. Ne1 Rb8 14. Nd3 b5 15. cxb5 cxb5 16. Nf4 Nc7 17. Rac1 e5 18. dxe5 dxe5 19. Nfd5 Ncxd5 20. Nxd5 e4 21. Nxf6+ Bxf6 22. Bxf6 Rxf6 23. Rc7 Bc6 24. Qc2 Rc8 25. Rxc8 Qxc8 26. Bf1 Qf8 27. Qd2 b4 28. Bc4+ Kg7 29. Qd4 h5 30. h4 a4 31. bxa4 Bxa4 32. Qa7+ 1-0

[Event "Landesliga Nord 1617"]
[Site "Bayern"]
[Date "2016.10.16"]
[Round "1.8"]
[White "Spitzl, Bertram"]
[Black "Radeck, Jochen"]
[Result "1-0"]
[WhiteElo "2116"]
[BlackElo "1750"]
[PlyCount "93"]
[EventDate "2016.10.16"]
[EventType "team-tourn"]
[EventRounds "9"]
[EventCountry "GER"]
[SourceTitle "EXT 2019"]
[Source "ChessBase"]
[SourceDate "2018.10.10"]
[SourceVersion "1"]
[SourceVersionDate "2018.10.10"]
[SourceQuality "1"]
[WhiteTeam "Bindlach Aktionaer II"]
[BlackTeam "Forchheim II"]
[WhiteTeamCountry "GER"]
[BlackTeamCountry "GER"]

1. Nf3 Nf6 2. g3 g6 3. Bg2 Bg7 4. d3 c5 5. 0-0 d5 6. Nbd2 0-0 7. e4 dxe4 8. dxe4 Nc6 9. c3 e6 10. Qe2 Qe7 11. Nc4 b5 12. e5 Nd5 13. Nd6 a6 14. a4 Bd7 15. Bg5 f6 16. exf6 Bxf6 17. Bxf6 Nxf6 18. Ne4 Nxe4 19. Qxe4 b4 20. h4 Rf5 21. cxb4 cxb4 22. Rac1 Rc8 23. Rfd1 a5 24. Bh3 Rf6 25. Ng5 Nd8 26. Rxc8 Bxc8 27. Qa8 Qc7 28. Ne4 Rf8 29. Nd6 Bd7 30. Qe4 Qb6 31. Rd2 Rf6 32. Nc4 Qc7 33. b3 Rf8 34. Qd4 Bc6 35. Qc5 Qg7 36. Rxd8 Qa1+ 37. Bf1 Rxd8 38. Qxc6 Qe1 39. Ne3 Kf7 40. Qc7+ Ke8 41. Qxh7 Rd2 42. Qxg6+ Ke7 43. Qg5+ Kd7 44. Qf4 Ra2 45. h5 Qb1 46. h6 Qh7 47. Bb5+ 1-0

[Event "Mittelfranken-chTB2b 1516"]
[Site "Mittelfranken"]
[Date "2016.02.14"]
[Round "6.4"]
[White "Radeck, Jochen"]
[Black "Leonhardt, Frank"]
[Result "1-0"]
[WhiteElo "1750"]
[BlackElo "1879"]
[PlyCount "119"]
[EventDate "2015.10.18"]
[EventType "team-tourn"]
[EventRounds "9"]
[EventCountry "GER"]
[SourceTitle "EXT 2020"]
[Source "ChessBase"]
[SourceDate "2019.10.17"]
[SourceVersion "1"]
[SourceVersionDate "2019.10.17"]
[SourceQuality "1"]
[WhiteTeam "Forchheim III"]
[BlackTeam "Schwanstetten"]
[WhiteTeamCountry "GER"]
[BlackTeamCountry "GER"]

1. Nf3 d5 2. c4 e6 3. g3 Nf6 4. Bg2 g6 5. b3 Bg7 6. Bb2 0-0 7. 0-0 c5 8. e3 Nc6 9. Qe2 Re8 10. d3 e5 11. cxd5 Nxd5 12. Rd1 Be6 13. Na3 Qd7 14. Ng5 Bf5 15. f3 Be6 16. Nxe6 Qxe6 17. Rac1 b6 18. Nc2 Rad8 19. Re1 Ndb4 20. Nxb4 Nxb4 21. Rcd1 Nxa2 22. Bxe5 Qxb3 23. Bxg7 Kxg7 24. Rb1 Qe6 25. Qb2+ Kg8 26. d4 Nb4 27. Bf1 Qf5 28. dxc5 bxc5 29. Kg2 Nd3 30. Bxd3 Rxd3 31. Rbd1 Qd5 32. e4 Qb3 33. Qxb3 Rxb3 34. Rd7 Rb2+ 35. Kh3 a6 36. Red1 Rc8 37. Ra7 Rb6 38. Rdd7 Rf6 39. f4 Rcc6 40. e5 Rf5 41. Kg4 c4 42. h4 c3 43. Rac7 Re6 44. Rxc3 h5+ 45. Kh3 Kf8 46. Rc8+ Re8 47. Rcc7 Re6 48. Ra7 a5 49. Rd8+ Re8 50. Rd6 Re6 51. Ra8+ Re8 52. Rxa5 f6 53. Rxf6+ Rxf6 54. exf6 Re6 55. f5 Rxf6 56. fxg6 Rxg6 57. Rxh5 Kf7 58. Ra5 Rc6 59. h5 Kg7 60. Kh4 1-0

[Event "Mittelfranken-chTB2b 1415"]
[Site "Mittelfranken"]
[Date "2015.02.08"]
[Round "6.6"]
[White "Niebler, Andreas"]
[Black "Radeck, Jochen"]
[Result "0-1"]
[WhiteElo "1780"]
[BlackElo "1750"]
[PlyCount "54"]
[EventDate "2014.09.28"]
[EventType "team-tourn"]
[EventRounds "9"]
[EventCountry "GER"]
[SourceTitle "EXT 2020"]
[Source "ChessBase"]
[SourceDate "2019.10.17"]
[SourceVersion "1"]
[SourceVersionDate "2019.10.17"]
[SourceQuality "1"]
[WhiteTeam "Neumarkt"]
[BlackTeam "Forchheim III"]
[WhiteTeamCountry "GER"]
[BlackTeamCountry "GER"]

1. d4 Nf6 2. c4 g6 3. Nc3 Bg7 4. e4 d6 5. f3 0-0 6. Be3 Nc6 7. Qd2 e5 8. Nge2 exd4 9. Nxd4 Nxd4 10. Bxd4 Bd7 11. 0-0-0 a6 12. h4 Rb8 13. Be2 Qe7 14. g4 b5 15. h5 b4 16. Nb1 a5 17. hxg6 fxg6 18. Rdg1 Be6 19. Qg5 Qf7 20. Nd2 Nxe4 21. fxe4 Bxd4 22. Rf1 Qg7 23. e5 Bxe5 24. Bd3 Bxb2+ 25. Kd1 Qd4 26. Bxg6 Qxg4+ 27. Kc2 Qxg5 0-1

[Event "Mittelfranken-chTB2b 1415"]
[Site "Mittelfranken"]
[Date "2014.10.12"]
[Round "2.5"]
[White "Radeck, Jochen"]
[Black "Kretschmer, Wolfgang"]
[Result "1/2-1/2"]
[WhiteElo "1750"]
[BlackElo "1685"]
[PlyCount "120"]
[EventDate "2014.09.28"]
[EventType "team-tourn"]
[EventRounds "9"]
[EventCountry "GER"]
[SourceTitle "EXT 2020"]
[Source "ChessBase"]
[SourceDate "2019.10.17"]
[SourceVersion "1"]
[SourceVersionDate "2019.10.17"]
[SourceQuality "1"]
[WhiteTeam "Forchheim III"]
[BlackTeam "Bubenreuth/Moehrendorf"]
[WhiteTeamCountry "GER"]
[BlackTeamCountry "GER"]

1. Nf3 Nf6 2. c4 g6 3. Nc3 Bg7 4. d4 d6 5. e4 0-0 6. h3 Nbd7 7. Be3 c5 8. d5 Nb6 9. Bd3 e5 10. Qd2 Ne8 11. g4 f6 12. 0-0-0 g5 13. Rdg1 h6 14. Nh2 Kf7 15. Nf1 Rh8 16. Ng3 Bf8 17. f3 Ng7 18. h4 Be7 19. hxg5 fxg5 20. Rh3 h5 21. Nxh5 Rxh5 22. Rxh5 Nxh5 23. gxh5 Qh8 24. Qh2 Qh6 25. Ne2 Bd7 26. Ng3 Rg8 27. Bf1 Qf6 28. Kd2 Ke8 29. Be2 Qh6 30. b3 Nc8 31. a4 a6 32. Bf1 Bd8 33. Bh3 Qf6 34. Bxd7+ Kxd7 35. Qh3+ Kc7 36. Qf5 Qxf5 37. Nxf5 Ne7 38. Nxe7 Bxe7 39. f4 g4 40. f5 Bf6 41. Ke2 b5 42. axb5 axb5 43. Ra1 bxc4 44. bxc4 Rb8 45. Ra7+ Kd8 46. Rf7 Rb2+ 47. Kf1 Bh4 48. Rg7 g3 49. Bg5+ Bxg5 50. Rxg5 Rh2 51. Kg1 Ke7 52. Rg7+ Kf8 53. Rxg3 Rxh5 54. Rg6 Rh4 55. Rxd6 Rxe4 56. Re6 Rxc4 57. Rxe5 Rd4 58. Kf2 Kf7 59. d6 Rxd6 60. Rxc5 Rd3 1/2-1/2

[Event "Mittelfranken-chTB2b 1415"]
[Site "Mittelfranken"]
[Date "2014.09.28"]
[Round "1.6"]
[White "Radeck, Jochen"]
[Black "Hoffmann, Sebastian"]
[Result "0-1"]
[WhiteElo "1750"]
[BlackElo "1885"]
[PlyCount "92"]
[EventDate "2014.09.28"]
[EventType "team-tourn"]
[EventRounds "9"]
[EventCountry "GER"]
[SourceTitle "EXT 2020"]
[Source "ChessBase"]
[SourceDate "2019.10.17"]
[SourceVersion "1"]
[SourceVersionDate "2019.10.17"]
[SourceQuality "1"]
[WhiteTeam "Forchheim III"]
[BlackTeam "Nuernberg NT IV"]
[WhiteTeamCountry "GER"]
[BlackTeamCountry "GER"]

1. Nf3 Nc6 2. c4 e5 3. Nc3 d6 4. g3 f5 5. d3 Nf6 6. Bg2 h6 7. h4 Be6 8. e3 g6 9. Qe2 Qd7 10. d4 e4 11. Nd2 d5 12. cxd5 Nxd5 13. Nxd5 Bxd5 14. a3 Qe6 15. Bf1 Bd6 16. Nc4 Be7 17. Bd2 Nxd4 18. exd4 e3 19. Rh2 exd2+ 20. Nxd2 Qxe2+ 21. Bxe2 Bf6 22. Bf3 0-0-0 23. 0-0-0 Rd6 24. Bxd5 Rxd5 25. Nb3 Rhd8 26. Rhh1 Bxd4 27. Nxd4 Rxd4 28. Rxd4 Rxd4 29. Re1 Kd7 30. Kc2 Kd6 31. Re3 c6 32. f4 Re4 33. Rd3+ Ke6 34. Kd2 c5 35. Kc3 b5 36. b3 a5 37. Kd2 Rd4 38. Rxd4 cxd4 39. Ke2 Kd5 40. Kd3 b4 41. a4 h5 42. Ke2 Ke4 43. Kd2 d3 44. Kd1 Ke3 45. Ke1 d2+ 46. Kd1 Kd3 0-1

[Event "Mittelfranken-chTB2b 1314"]
[Site "Mittelfranken"]
[Date "2014.05.04"]
[Round "9.3"]
[White "Radeck, Jochen"]
[Black "Di Bonaventura, Stefan"]
[Result "1-0"]
[WhiteElo "1750"]
[BlackElo "1581"]
[PlyCount "95"]
[EventDate "2013.10.20"]
[EventType "team-tourn"]
[EventRounds "9"]
[EventCountry "GER"]
[SourceTitle "EXT 2020"]
[Source "ChessBase"]
[SourceDate "2019.10.17"]
[SourceVersion "1"]
[SourceVersionDate "2019.10.17"]
[SourceQuality "1"]
[WhiteTeam "Forchheim III"]
[BlackTeam "Buechenbach/Roth III"]
[WhiteTeamCountry "GER"]
[BlackTeamCountry "GER"]

1. Nf3 d5 2. c4 e6 3. g3 Nf6 4. Bg2 Be7 5. 0-0 0-0 6. b3 c5 7. e3 Nc6 8. Bb2 d4 9. exd4 cxd4 10. Re1 Re8 11. d3 Bb4 12. Nbd2 e5 13. a3 Bd6 14. h3 Bf5 15. Ne4 Nxe4 16. dxe4 Bg6 17. Nh4 Qf6 18. Nxg6 Qxg6 19. Qd3 Rad8 20. Rad1 a6 21. Kh2 Ne7 22. b4 b6 23. Bc1 h6 24. Bd2 Rc8 25. Rb1 Kh8 26. Rec1 Qf6 27. f3 Qe6 28. h4 Rc7 29. Bf1 Ng8 30. a4 Qe7 31. Rb3 Rec8 32. Bh3 Ra8 33. Rcb1 Qd8 34. R1b2 Be7 35. Be1 Qf8 36. Bf1 Qe8 37. a5 b5 38. cxb5 axb5 39. Qxb5 Qc8 40. Qxe5 Bf6 41. Qf4 Rc2+ 42. Bd2 g5 43. Qf5 Qc7 44. Bd3 Rxb2 45. Rxb2 gxh4 46. e5 hxg3+ 47. Kg2 Kg7 48. exf6+ 1-0

[Event "Regionalliga NO 1314"]
[Site "Bayern"]
[Date "2014.03.16"]
[Round "8.8"]
[White "Betz, Michael"]
[Black "Radeck, Jochen"]
[Result "1/2-1/2"]
[WhiteElo "1792"]
[BlackElo "1786"]
[PlyCount "52"]
[EventDate "2013.10.13"]
[EventType "team-tourn"]
[EventRounds "9"]
[EventCountry "GER"]
[SourceTitle "EXT 2015"]
[Source "ChessBase"]
[SourceDate "2014.11.20"]
[SourceVersion "1"]
[SourceVersionDate "2014.11.20"]
[SourceQuality "1"]
[WhiteTeam "Windischeschenbach"]
[BlackTeam "Forchheim II"]
[WhiteTeamCountry "GER"]
[BlackTeamCountry "GER"]

1. d4 d5 2. Nf3 Nf6 3. c4 c6 4. e3 e6 5. Nbd2 Nbd7 6. b3 Be7 7. Bd3 0-0 8. 0-0 Re8 9. Bb2 c5 10. Qe2 cxd4 11. exd4 b6 12. Ne5 Bb7 13. Rac1 Nxe5 14. dxe5 Nd7 15. Nf3 Rc8 16. cxd5 Rxc1 17. Rxc1 Bxd5 18. Qc2 h6 19. Bb5 a5 20. Qc7 Nc5 21. Qxd8 Rxd8 22. Nd4 Bg5 23. Rd1 Rc8 24. Ne2 Ne4 25. Bd3 Nc5 26. Bb1 Rd8 1/2-1/2

[Event "Mittelfranken-chTB2b 1314"]
[Site "Mittelfranken"]
[Date "2014.03.09"]
[Round "7.3"]
[White "Wegmann, Wolfgang"]
[Black "Radeck, Jochen"]
[Result "1-0"]
[WhiteElo "1907"]
[BlackElo "1750"]
[PlyCount "47"]
[EventDate "2013.10.20"]
[EventType "team-tourn"]
[EventRounds "9"]
[EventCountry "GER"]
[SourceTitle "EXT 2020"]
[Source "ChessBase"]
[SourceDate "2019.10.17"]
[SourceVersion "1"]
[SourceVersionDate "2019.10.17"]
[SourceQuality "1"]
[WhiteTeam "Heideck/Hilpoltstein"]
[BlackTeam "Forchheim III"]
[WhiteTeamCountry "GER"]
[BlackTeamCountry "GER"]

1. c4 e5 2. g3 Nc6 3. Bg2 Bc5 4. d3 d6 5. Nc3 a6 6. e4 Nge7 7. Nge2 Nd4 8. Nxd4 Bxd4 9. 0-0 h5 10. h3 Be6 11. Kh2 Ng6 12. Ne2 Ba7 13. f4 exf4 14. Nxf4 Nxf4 15. gxf4 Bg4 16. Qe1 Qe7 17. Be3 Bxe3 18. Qxe3 Bd7 19. a4 0-0-0 20. b4 b6 21. a5 Kb7 22. e5+ Ka7 23. axb6+ cxb6 24. Rxa6+ 1-0

[Event "Mittelfranken-chTB2b 1112"]
[Site "Germany"]
[Date "2012.03.25"]
[Round "9.6"]
[White "Brunner, Wolfgang"]
[Black "Radeck, Jochen"]
[Result "1-0"]
[WhiteElo "1837"]
[BlackElo "1768"]
[PlyCount "89"]
[EventDate "2011.09.25"]
[EventType "team-tourn"]
[EventRounds "9"]
[EventCountry "GER"]
[SourceTitle "EXT 2018"]
[Source "ChessBase"]
[SourceDate "2017.10.13"]
[SourceVersion "1"]
[SourceVersionDate "2017.10.13"]
[SourceQuality "1"]
[WhiteTeam "Neumarkt"]
[BlackTeam "Forchheim III"]
[WhiteTeamCountry "GER"]
[BlackTeamCountry "GER"]

1. d4 Nf6 2. c4 g6 3. Nc3 Bg7 4. e4 d6 5. f3 0-0 6. Be3 e5 7. d5 Nbd7 8. Bd3 Nc5 9. Bc2 a5 10. Qd2 Bd7 11. Bg5 Qe8 12. Nge2 b5 13. b3 Rb8 14. Rb1 bxc4 15. bxc4 Rxb1+ 16. Nxb1 Qa8 17. 0-0 Rb8 18. Qc3 Rb4 19. a3 Rb6 20. Nd2 Be8 21. Be3 Nfd7 22. Rb1 Qa6 23. Nc1 Rxb1 24. Bxb1 h5 25. Bc2 Kh7 26. Ndb3 Nxb3 27. Nxb3 a4 28. Nc1 Bh6 29. Bxh6 Kxh6 30. Kf2 g5 31. Na2 Nc5 32. Nb4 Qa7 33. Qe3 Qb6 34. Ke2 Qa5 35. g3 f6 36. f4 exf4 37. gxf4 Qa8 38. e5 fxe5 39. fxg5+ Kg7 40. Qf3 Qd8 41. Qf5 Qd7 42. Qh7+ Kf8 43. Qh8+ Kf7 44. g6+ Ke7 45. Nc6+ 1-0

[Event "Mittelfranken-chTB2a 0910"]
[Site "Mittelfranken"]
[Date "2010.01.10"]
[Round "5.7"]
[White "Radeck, Jochen"]
[Black "Mueller, Werner6"]
[Result "1-0"]
[WhiteElo "1838"]
[BlackElo "1758"]
[PlyCount "63"]
[EventDate "2009.10.11"]
[EventType "team-tourn"]
[EventRounds "9"]
[EventCountry "GER"]
[SourceTitle "EXT 2011"]
[Source "ChessBase"]
[SourceDate "2010.11.26"]
[SourceVersion "1"]
[SourceVersionDate "2010.11.26"]
[SourceQuality "1"]
[WhiteTeam "Forchheim III"]
[BlackTeam "Nuernberg Sued SW III"]
[WhiteTeamCountry "GER"]
[BlackTeamCountry "GER"]

1. Nf3 b5 2. d4 Bb7 3. g3 e6 4. Bg2 Be7 5. 0-0 Nf6 6. b3 0-0 7. Bb2 Ne4 8. Nbd2 f5 9. Ne5 Nd6 10. Bxb7 Nxb7 11. e3 d6 12. Nd3 a5 13. Qf3 c6 14. c4 Qd7 15. Rfd1 Na6 16. a3 Rfc8 17. Rac1 Nd8 18. Qe2 Qb7 19. Rb1 Nf7 20. e4 Bf6 21. Nf3 Re8 22. e5 dxe5 23. dxe5 Be7 24. Nf4 Bf8 25. cxb5 cxb5 26. Nd4 Nc7 27. Rbc1 g5 28. Nh5 Bg7 29. Nxg7 Kxg7 30. Nxf5+ exf5 31. e6+ Kf8 32. Rd7 1-0

[Event "Mittelfranken-chTB2a 0809"]
[Site "Mittelfranken"]
[Date "2009.03.08"]
[Round "7.6"]
[White "Radeck, Jochen"]
[Black "Thuerauf, Peter"]
[Result "0-1"]
[WhiteElo "1848"]
[BlackElo "1783"]
[PlyCount "114"]
[EventDate "2008.10.12"]
[EventType "team"]
[EventRounds "9"]
[EventCountry "GER"]
[SourceTitle "EXT 2011"]
[Source "ChessBase"]
[SourceDate "2010.11.26"]
[SourceVersion "1"]
[SourceVersionDate "2010.11.26"]
[SourceQuality "1"]
[WhiteTeam "Forchheim III"]
[BlackTeam "Nuernberg Sued SW III"]
[WhiteTeamCountry "GER"]
[BlackTeamCountry "GER"]

1. e4 c5 2. Nc3 Nc6 3. f4 e6 4. Nf3 d5 5. g3 d4 6. Ne2 Nf6 7. d3 g6 8. Bg2 Bg7 9. 0-0 0-0 10. h3 Rb8 11. a3 a5 12. Bd2 b5 13. g4 Qb6 14. Kh1 c4 15. Qe1 cxd3 16. cxd3 b4 17. Rc1 Ba6 18. Rxc6 Qxc6 19. Nfxd4 Qb6 20. e5 Nd5 21. Be4 Bb7 22. Rf3 Ba8 23. Qg3 Qc7 24. axb4 Nxb4 25. Bxa8 Rxa8 26. Nc3 Nd5 27. Nxd5 exd5 28. Bc3 Ra6 29. Nb5 Qc5 30. Nd6 d4 31. Qf2 Qd5 32. Bd2 a4 33. Nc4 Rb8 34. g5 Rb3 35. Kh2 Ra7 36. Qe2 Rc7 37. Rg3 Re7 38. Qd1 Rbb7 39. Bc1 Rec7 40. Qe2 Re7 41. Qe1 Rec7 42. Qf1 Qc5 43. h4 a3 44. bxa3 Rb1 45. Rg1 Rcb7 46. Qf3 R1b3 47. Qe4 Ra7 48. Bb2 Rxb2+ 49. Nxb2 Rxa3 50. Nc4 Ra2+ 51. Kg3 h5 52. f5 gxf5 53. Qxf5 Qd5 54. Kh3 Re2 55. g6 fxg6 56. Rxg6 Qh1+ 57. Kg3 Qg2+ 0-1

[Event "Mittelfranken-chTB2a 0809"]
[Site "Mittelfranken"]
[Date "2009.01.25"]
[Round "5.7"]
[White "Wagenfeld, Wladymyr"]
[Black "Radeck, Jochen"]
[Result "0-1"]
[WhiteElo "1693"]
[BlackElo "1848"]
[PlyCount "118"]
[EventDate "2008.10.12"]
[EventType "team"]
[EventRounds "9"]
[EventCountry "GER"]
[SourceTitle "EXT 2011"]
[Source "ChessBase"]
[SourceDate "2010.11.26"]
[SourceVersion "1"]
[SourceVersionDate "2010.11.26"]
[SourceQuality "1"]
[WhiteTeam "Nuernberg NT V"]
[BlackTeam "Forchheim III"]
[WhiteTeamCountry "GER"]
[BlackTeamCountry "GER"]

1. d4 Nf6 2. e3 c5 3. c3 b6 4. Nd2 Bb7 5. f4 cxd4 6. exd4 Qc7 7. Ndf3 g6 8. Bd3 Bg7 9. Nh3 Nc6 10. Nf2 e6 11. 0-0 0-0 12. Bd2 Rfe8 13. Qe2 d6 14. Ba6 Na5 15. Bxb7 Qxb7 16. Rad1 Rac8 17. Bc1 Rc7 18. Nd2 Rec8 19. Qf3 Qxf3 20. Nxf3 b5 21. Nd3 Nc4 22. Rfe1 a5 23. h3 Nd5 24. g3 h6 25. a3 Rb7 26. h4 h5 27. Ng5 Bf8 28. Ne4 b4 29. cxb4 axb4 30. axb4 Nxb4 31. b3 Nxd3 32. Rxd3 Na5 33. Ba3 Rxb3 34. Rxb3 Nxb3 35. Rb1 Nxd4 36. Bxd6 Bxd6 37. Nxd6 Rd8 38. Ne4 Nf5 39. Rb7 Nh6 40. Ng5 Rd2 41. Rb8+ Kg7 42. Rb7 Kf8 43. Nh7+ Ke8 44. Nf6+ Kd8 45. Ra7 Rc2 46. Ne4 Rc7 47. Ra8+ Kd7 48. Kg2 Kc6 49. Kf3 Kd5 50. Rd8+ Kc4 51. Ng5 Kb3 52. Rd3+ Kc2 53. Rd8 Rc3+ 54. Kg2 Nf5 55. Ne4 Re3 56. Rc8+ Kd3 57. Nf2+ Kd2 58. Nh1 Re2+ 59. Kf3 Nd4# 0-1

[Event "Mittelfranken-chTB2a 0809"]
[Site "Mittelfranken"]
[Date "2008.10.26"]
[Round "2.4"]
[White "Radeck, Jochen"]
[Black "Dehm, Tobias"]
[Result "1-0"]
[WhiteElo "1848"]
[BlackElo "1743"]
[PlyCount "55"]
[EventDate "2008.10.12"]
[EventType "team"]
[EventRounds "9"]
[EventCountry "GER"]
[SourceTitle "EXT 2011"]
[Source "ChessBase"]
[SourceDate "2010.11.26"]
[SourceVersion "1"]
[SourceVersionDate "2010.11.26"]
[SourceQuality "1"]
[WhiteTeam "Forchheim III"]
[BlackTeam "Bad Windsheim"]
[WhiteTeamCountry "GER"]
[BlackTeamCountry "GER"]

1. e4 c6 2. d4 d5 3. exd5 cxd5 4. c4 Nf6 5. Nc3 Nc6 6. Bd3 e6 7. Nf3 Be7 8. Be3 0-0 9. 0-0 dxc4 10. Bxc4 Qa5 11. Re1 Bb4 12. Qc2 h6 13. Rad1 Nd5 14. Bd2 Qd8 15. Re4 Be7 16. Bxh6 f5 17. Rg4 Bf6 18. Rg3 Ndb4 19. Qe2 Re8 20. Bg5 Bd7 21. a3 Na6 22. d5 exd5 23. Bxd5+ Kf8 24. Qc4 Qe7 25. Qh4 Be6 26. Bxf6 Qxf6 27. Qh8+ Kf7 28. Bxe6+ 1-0